Normal view
MARC view
- Morgan, Charles,
Entry Personal Name
001 - CONTROL NUMBER
- control field: 153695
003 - CONTROL NUMBER IDENTIFIER
- control field: DLC
005 - DATE AND TIME OF LATEST TRANSACTION
- control field: 20260416084208.0
008 - FIXED-LENGTH DATA ELEMENTS
- fixed length control field: 800321n| azannaabn |a aaa
010 ## - LIBRARY OF CONGRESS CONTROL NUMBER
- LC control number: n 50005816
035 ## - SYSTEM CONTROL NUMBER
- System control number: (OCoLC)oca00041371
040 ## - CATALOGING SOURCE
- Original cataloging agency: DLC
- Language of cataloging: eng
- Transcribing agency: DLC
- Modifying agency: DLC
- Modifying agency: OCoLC
- Description conventions: rda
- Modifying agency: MiU
- Modifying agency: DLC
046 ## - SPECIAL CODED DATES
- Birth date: 1894-01-22
- Death date: 1958-02-06
- Source of date scheme: edtf
053 #0 - LC CLASSIFICATION NUMBER
- Classification number element--single number or beginning number of span: PR6025.O645
100 1# - HEADING--PERSONAL NAME
- Personal name: Morgan, Charles,
- Dates associated with a name: 1894-1958
370 ## - ASSOCIATED PLACE
- Associated country: Great Britain
400 1# - SEE FROM TRACING--PERSONAL NAME
- Personal name: Morgan, Charles Langbridge,
- Dates associated with a name: 1894-1958
670 ## - SOURCE DATA FOUND
- Source citation: His My name is legion ... 1925.
670 ## - SOURCE DATA FOUND
- Source citation: His The gunroom, 1919:
- Information found: t.p. (Charles Langbridge Morgan)
670 ## - SOURCE DATA FOUND
- Source citation: Wikipedia, viewed February 27, 2015:
- Information found: (Charles Langbridge Morgan; born 22 January 1894 in Kent; died 6 February 1958; playwright; novelist; wrote The Voyage (1940), The River Line (1949), A Breeze of Morning (1951))
- Uniform Resource Identifier: http://en.wikipedia.org/wiki/Charles_Langbridge_Morgan



